La abuelita y su casa de muñecas / (Record no. 18933)

MARC details
000 -LEADER
fixed length control field 00707nam a22002297a 4500
001 - CONTROL NUMBER
control field sjds170188
003 - CONTROL NUMBER IDENTIFIER
control field sjds
005 - DATE AND TIME OF LATEST TRANSACTION
control field 20171016135046.0
008 - FIXED-LENGTH DATA ELEMENTS--GENERAL INFORMATION
fixed length control field 171016b nyu||||| |||| 00| 0 spa d
020 ## - INTERNATIONAL STANDARD BOOK NUMBER
International Standard Book Number 9780590293358 (pbk.)
020 ## - INTERNATIONAL STANDARD BOOK NUMBER
International Standard Book Number 05902933584 (pbk.)
040 ## - CATALOGING SOURCE
Transcribing agency sjds
041 ## - LANGUAGE CODE
Language code of text/sound track or separate title spa
Language code of original eng
100 1# - MAIN ENTRY--PERSONAL NAME
Personal name Smith, MaryLou M.
240 ## - UNIFORM TITLE
Uniform title <a href="Grandmother's adobe dollhouse.">Grandmother's adobe dollhouse.</a>
245 13 - TITLE STATEMENT
Title La abuelita y su casa de muñecas /
Statement of responsibility, etc. por MaryLou M. Smith ; ilustraciones de Ann Blackstone.
246 ## - VARYING FORM OF TITLE
Title proper/short title La abuelita y su casa de muñecas
260 ## - PUBLICATION, DISTRIBUTION, ETC. (IMPRINT)
Place of publication, distribution, etc. New York :
Name of publisher, distributor, etc. Scholastic,
Date of publication, distribution, etc. c1993.
300 ## - PHYSICAL DESCRIPTION
Extent 32 pages :
Other physical details color illustrations ; 21 x 22 cm
Dimensions 21 x 22 cm
700 1# - ADDED ENTRY--PERSONAL NAME
Personal name Blackstone, Ann
942 ## - ADDED ENTRY ELEMENTS (KOHA)
Koha item type Libro/Book
Holdings
Withdrawn status Lost status Damaged status Not for loan Home library Current library Date acquired Inventory number Total Checkouts Full call number Barcode Date last seen Price effective from Koha item type
        Las Pampas -- Satellite Las Pampas -- Satellite 16/10/2017 inventory date: 17-1-25   JES 35701594 16/10/2017 16/10/2017 Libro/Book

Powered by Koha